[Event "euyr2018"]
[Site "?"]
[Date "2018.05.25"]
[Round "2.1"]
[White "Pniaczek, Marek"]
[Black "Sahidi, Samir"]
[Result "0-1"]
[BlackElo "2307"]
[WhiteElo "1701"]
[LiveChessVersion "1.4.8"]

1. e4 {[%clk 0:20:19]} c5 {[%clk 0:20:13]} 2. Nf3 {[%clk 0:20:28]} e6
{[%clk 0:20:21]} 3. d4 {[%clk 0:20:37]} cxd4 {[%clk 0:20:30]} 4. Nxd4
{[%clk 0:20:46]} Nf6 {[%clk 0:20:37]} 5. Nc3 {[%clk 0:20:54]} d6 {[%clk 0:20:45]}
6. g4 {[%clk 0:20:56]} Be7 {[%clk 0:20:46]} 7. g5 {[%clk 0:20:50]} Nfd7
{[%clk 0:20:53]} 8. Rg1 {[%clk 0:20:52]} Nc6 {[%clk 0:20:42]} 9. Be3
{[%clk 0:21:00]} a6 {[%clk 0:20:23]} 10. Qd2 {[%clk 0:20:58]} Qc7
{[%clk 0:20:12]} 11. O-O-O {[%clk 0:20:37]} Nde5 {[%clk 0:20:09]} 12. f4
{[%clk 0:20:25]} Ng6 {[%clk 0:19:58]} 13. h4 {[%clk 0:19:08]} Nxh4
{[%clk 0:19:45]} 14. Rh1 {[%clk 0:17:23]} Ng6 {[%clk 0:19:19]} 15. Nxc6
{[%clk 0:17:12]} bxc6 {[%clk 0:19:17]} 16. f5 {[%clk 0:16:46]} exf5
{[%clk 0:19:18]} 17. exf5 {[%clk 0:16:52]} Bxf5 {[%clk 0:19:10]} 18. Nd5
{[%clk 0:16:12]} cxd5 {[%clk 0:18:55]} 0-1

[Event "euyr2018"]
[Site "?"]
[Date "2018.05.25"]
[Round "2.2"]
[White "Kardis, Benjamin"]
[Black "Nehyba, Martin"]
[Result "1-0"]
[BlackElo "1966"]
[WhiteElo "1688"]
[LiveChessVersion "1.4.8"]

1. d4 {[%clk 0:20:18]} f5 {[%clk 0:20:12]} 2. f4 {[%clk 0:20:26]} Nf6
{[%clk 0:20:20]} 3. e3 {[%clk 0:20:33]} g6 {[%clk 0:20:28]} 4. c3
{[%clk 0:20:41]} Bg7 {[%clk 0:20:36]} 5. Nf3 {[%clk 0:20:48]} d6 {[%clk 0:20:45]}
6. Bd3 {[%clk 0:20:54]} O-O {[%clk 0:20:37]} 7. O-O {[%clk 0:20:58]} Qe8
{[%clk 0:20:45]} 8. Nbd2 {[%clk 0:20:18]} Nc6 {[%clk 0:20:26]} 9. e4
{[%clk 0:20:11]} fxe4 {[%clk 0:15:39]} 10. Nxe4 {[%clk 0:19:57]} Kh8
{[%clk 0:15:30]} 11. Qe1 {[%clk 0:19:15]} Nh5 {[%clk 0:14:48]} 12. d5
{[%clk 0:18:08]} Nd8 {[%clk 0:14:40]} 13. Qh4 {[%clk 0:18:03]} e6
{[%clk 0:13:36]} 14. dxe6 {[%clk 0:17:05]} Nxe6 {[%clk 0:13:40]} 15. Nfg5
{[%clk 0:17:01]} Nxg5 {[%clk 0:11:22]} 16. Nxg5 {[%clk 0:16:59]} Bf5
{[%clk 0:09:29]} 17. Bxf5 {[%clk 0:16:03]} gxf5 {[%clk 0:09:38]} 18. Re1
{[%clk 0:16:07]} Qg6 {[%clk 0:09:45]} 19. Ne6 {[%clk 0:14:33]} Rg8
{[%clk 0:07:46]} 20. Nxg7 {[%clk 0:13:28]} Rxg7 {[%clk 0:07:53]} 21. Qf2
{[%clk 0:13:28]} Nf6 {[%clk 0:07:41]} 22. Be3 {[%clk 0:12:20]} Ne4
{[%clk 0:07:44]} 23. Qf3 {[%clk 0:12:18]} c5 {[%clk 0:07:49]} 24. Re2
{[%clk 0:11:36]} b6 {[%clk 0:07:43]} 25. Rae1 {[%clk 0:11:13]} Rd8
{[%clk 0:07:42]} 26. c4 {[%clk 0:11:13]} d5 {[%clk 0:05:45]} 27. cxd5
{[%clk 0:11:15]} Rxd5 {[%clk 0:05:54]} 28. Bc1 {[%clk 0:10:26]} Rgd7
{[%clk 0:04:06]} 29. Re3 {[%clk 0:10:12]} c4 {[%clk 0:03:34]} 30. b3
{[%clk 0:09:06]} c3 {[%clk 0:03:44]} 31. Rxc3 {[%clk 0:09:12]} Nxc3 32. Qxc3+
{[%clk 0:09:20]} Kg8 {[%clk 0:03:45]} 33. Bb2 {[%clk 0:09:17]} Rd1
{[%clk 0:02:49]} 34. Qh8+ R1d5 35. Qc3 Rd8 1-0

[Event "euyr2018"]
[Site "?"]
[Date "2018.05.25"]
[Round "2.3"]
[White "Pribylova, Sofie"]
[Black "Sandor, Martin"]
[Result "1-0"]
[BlackElo "1711"]
[WhiteElo "1950"]
[LiveChessVersion "1.4.8"]

1. e4 {[%clk 0:20:16]} c5 {[%clk 0:20:19]} 2. Nf3 {[%clk 0:20:25]} d6
{[%clk 0:20:29]} 3. d4 {[%clk 0:20:34]} cxd4 {[%clk 0:20:37]} 4. Nxd4
{[%clk 0:20:43]} Nf6 {[%clk 0:20:46]} 5. Nc3 {[%clk 0:20:52]} a6 {[%clk 0:20:55]}
6. Bg5 {[%clk 0:21:00]} Nbd7 {[%clk 0:21:04]} 7. Qe2 {[%clk 0:21:01]} Qc7
{[%clk 0:21:00]} 8. f4 {[%clk 0:21:06]} e6 {[%clk 0:19:14]} 9. O-O-O
{[%clk 0:20:37]} Be7 {[%clk 0:19:19]} 10. g4 {[%clk 0:19:57]} b5 {[%clk 0:18:50]}
11. a3 {[%clk 0:18:56]} Bb7 {[%clk 0:18:53]} 12. Bg2 {[%clk 0:18:57]} Rc8
{[%clk 0:18:52]} 13. Rhe1 {[%clk 0:16:24]} h6 {[%clk 0:17:56]} 14. Bxf6
{[%clk 0:13:27]} Bxf6 {[%clk 0:16:11]} 15. h4 {[%clk 0:12:06]} Nb6
{[%clk 0:15:07]} 16. Ndxb5 {[%clk 0:05:27]} axb5 {[%clk 0:15:11]} 17. Nxb5
{[%clk 0:05:35]} Qc5 {[%clk 0:14:17]} 18. Nxd6+ {[%clk 0:04:33]} Kf8
{[%clk 0:14:27]} 19. e5 {[%clk 0:01:46]} Ba6 {[%clk 0:10:24]} 20. Qe4
{[%clk 0:00:44]} Bxh4 {[%clk 0:06:23]} 21. Nxc8 {[%clk 0:00:51]} Qxc8
{[%clk 0:05:49]} 22. Qb4+ {[%clk 0:00:49]} Kg8 {[%clk 0:05:47]} 23. Qxb6
{[%clk 0:00:53]} Bxe1 {[%clk 0:04:40]} 24. Rd8+ {[%clk 0:01:01]} Qxd8
{[%clk 0:04:49]} 25. Qxd8+ {[%clk 0:01:09]} Kh7 {[%clk 0:04:58]} 26. Qb6
{[%clk 0:00:41]} Bc4 {[%clk 0:03:16]} 27. Qe3 {[%clk 0:00:42]} 1-0

[Event "euyr2018"]
[Site "?"]
[Date "2018.05.25"]
[Round "2.4"]
[White "Jakab, Bela"]
[Black "Leszko, Bence"]
[Result "1-0"]
[BlackElo "1701"]
[WhiteElo "1850"]
[LiveChessVersion "1.4.8"]

1. e4 {[%clk 0:20:18]} e6 {[%clk 0:20:19]} 2. d4 {[%clk 0:20:27]} d5
{[%clk 0:20:28]} 3. Nc3 {[%clk 0:20:35]} dxe4 {[%clk 0:20:37]} 4. Nxe4
{[%clk 0:20:43]} Nd7 {[%clk 0:20:46]} 5. Nf3 {[%clk 0:20:49]} Ngf6
{[%clk 0:20:55]} 6. Nxf6+ {[%clk 0:20:57]} Nxf6 {[%clk 0:20:51]} 7. Bd3
{[%clk 0:20:58]} Bd6 {[%clk 0:20:45]} 8. O-O {[%clk 0:20:34]} O-O
{[%clk 0:20:44]} 9. Bg5 {[%clk 0:20:42]} h6 {[%clk 0:20:45]} 10. Bh4
{[%clk 0:20:48]} b6 {[%clk 0:20:35]} 11. Ne5 {[%clk 0:18:54]} Bb7
{[%clk 0:20:30]} 12. Re1 {[%clk 0:18:56]} c5 {[%clk 0:19:24]} 13. Nc4
{[%clk 0:17:06]} Be7 {[%clk 0:19:00]} 14. dxc5 {[%clk 0:17:12]} Qd5
{[%clk 0:17:44]} 15. Ne3 {[%clk 0:16:52]} Qxc5 {[%clk 0:17:39]} 16. Qe2
{[%clk 0:16:57]} Rad8 {[%clk 0:17:11]} 17. Rad1 {[%clk 0:16:22]} Qc6
{[%clk 0:16:23]} 18. f3 {[%clk 0:16:02]} Qc7 {[%clk 0:14:36]} 19. Kh1
{[%clk 0:14:57]} Nh5 {[%clk 0:14:12]} 20. Bxe7 {[%clk 0:14:30]} Qxe7
{[%clk 0:14:20]} 21. Ng4 {[%clk 0:14:29]} Qg5 {[%clk 0:12:25]} 22. Qf2
{[%clk 0:13:03]} Nf4 {[%clk 0:11:42]} 23. Bf1 {[%clk 0:09:38]} Rxd1
{[%clk 0:10:34]} 24. Rxd1 {[%clk 0:09:47]} Rd8 {[%clk 0:09:37]} 25. Rxd8+
{[%clk 0:08:27]} Qxd8 {[%clk 0:09:46]} 26. Qg3 {[%clk 0:08:05]} Qg5
{[%clk 0:08:09]} 27. h4 {[%clk 0:07:51]} Nh5 {[%clk 0:08:19]} 28. Qb8+
{[%clk 0:07:59]} 1-0

[Event "euyr2018"]
[Site "?"]
[Date "2018.05.25"]
[Round "2.5"]
[White "Slaba, Andrea"]
[Black "Panko, Eduard"]
[Result "1/2-1/2"]
[BlackElo "1776"]
[WhiteElo "1677"]
[LiveChessVersion "1.4.8"]

1. d4 {[%clk 0:20:19]} g6 {[%clk 0:20:16]} 2. g3 {[%clk 0:20:26]} Bg7
{[%clk 0:20:24]} 3. Bg2 {[%clk 0:20:35]} c5 {[%clk 0:20:23]} 4. e3
{[%clk 0:20:06]} Nf6 {[%clk 0:19:59]} 5. Nf3 {[%clk 0:20:05]} O-O
{[%clk 0:19:45]} 6. O-O {[%clk 0:20:13]} cxd4 {[%clk 0:19:53]} 7. exd4
{[%clk 0:20:19]} d5 {[%clk 0:19:56]} 8. c3 {[%clk 0:20:06]} Nc6 {[%clk 0:19:38]}
9. Nbd2 {[%clk 0:20:08]} Re8 {[%clk 0:17:45]} 10. Re1 {[%clk 0:20:15]} Bf5
{[%clk 0:17:31]} 11. Nh4 {[%clk 0:19:56]} Bg4 {[%clk 0:17:13]} 12. f3
{[%clk 0:19:39]} Bd7 {[%clk 0:16:54]} 13. Bf1 {[%clk 0:19:39]} a6
{[%clk 0:16:52]} 14. Nb3 {[%clk 0:19:27]} b6 {[%clk 0:16:03]} 15. Ng2
{[%clk 0:19:11]} Bh3 {[%clk 0:15:34]} 16. Be3 {[%clk 0:18:21]} h5
{[%clk 0:14:16]} 1/2-1/2

[Event "euyr2018"]
[Site "?"]
[Date "2018.05.25"]
[Round "2.6"]
[White "Verbovsky, Michal"]
[Black "Gzib, David"]
[Result "1-0"]
[BlackElo "1686"]
[WhiteElo "1729"]
[LiveChessVersion "1.4.8"]

1. d4 {[%clk 0:20:13]} Nf6 {[%clk 0:20:13]} 2. Nf3 {[%clk 0:20:21]} g6
{[%clk 0:20:20]} 3. e3 {[%clk 0:20:26]} Bg7 {[%clk 0:20:26]} 4. Bd3
{[%clk 0:20:33]} O-O {[%clk 0:20:32]} 5. O-O {[%clk 0:20:39]} d5 {[%clk 0:20:23]}
6. Nbd2 {[%clk 0:20:44]} Nbd7 {[%clk 0:20:08]} 7. c3 {[%clk 0:20:49]} c5
{[%clk 0:19:55]} 8. Re1 {[%clk 0:20:52]} Re8 {[%clk 0:18:31]} 9. e4
{[%clk 0:18:12]} cxd4 {[%clk 0:17:58]} 10. Nxd4 {[%clk 0:16:53]} Nc5
{[%clk 0:16:38]} 11. Bb5 {[%clk 0:15:46]} Bd7 {[%clk 0:16:26]} 12. e5
{[%clk 0:14:19]} Nfe4 {[%clk 0:15:30]} 13. Nxe4 {[%clk 0:13:41]} Nxe4
{[%clk 0:15:33]} 14. Bxd7 {[%clk 0:10:38]} Qxd7 {[%clk 0:15:41]} 15. f3
{[%clk 0:10:32]} Nc5 {[%clk 0:15:03]} 16. Bf4 {[%clk 0:09:52]} Ne6
{[%clk 0:15:00]} 17. Nxe6 {[%clk 0:09:53]} Qxe6 {[%clk 0:15:02]} 18. Qb3
{[%clk 0:09:26]} b6 {[%clk 0:13:02]} 19. Rad1 {[%clk 0:09:14]} Red8
{[%clk 0:13:06]} 20. Bg3 {[%clk 0:09:03]} Rd7 {[%clk 0:11:39]} 21. Bf2
{[%clk 0:08:03]} Rad8 {[%clk 0:10:08]} 22. Bd4 {[%clk 0:07:57]} Bh8
{[%clk 0:07:23]} 23. g3 {[%clk 0:06:29]} Bg7 {[%clk 0:07:30]} 24. Kg2
{[%clk 0:06:37]} Rb8 {[%clk 0:06:35]} 25. g4 {[%clk 0:06:22]} Rbd8
{[%clk 0:06:19]} 26. h3 {[%clk 0:06:28]} Rc8 {[%clk 0:06:13]} 27. f4
{[%clk 0:06:15]} Rcd8 {[%clk 0:05:16]} 28. Qc2 {[%clk 0:05:56]} Qc6
{[%clk 0:04:20]} 29. Re3 {[%clk 0:04:21]} e6 {[%clk 0:04:14]} 30. Rf1
{[%clk 0:04:01]} b5 {[%clk 0:03:02]} 31. f5 {[%clk 0:03:43]} exf5
{[%clk 0:02:59]} 32. gxf5 {[%clk 0:03:50]} gxf5 {[%clk 0:02:18]} 33. Rg3
{[%clk 0:03:28]} Kh8 {[%clk 0:01:55]} 34. Rxf5 {[%clk 0:02:33]} Qh6
{[%clk 0:01:51]} 35. Qf2 {[%clk 0:02:23]} Rf8 {[%clk 0:01:30]} 36. e6
{[%clk 0:02:06]} 1-0

[Event "euyr2018"]
[Site "?"]
[Date "2018.05.25"]
[Round "2.7"]
[White "Walterova, Ema"]
[Black "Viczencz, Peter"]
[Result "0-1"]
[BlackElo "1731"]
[WhiteElo "1518"]
[LiveChessVersion "1.4.8"]

1. e4 {[%clk 0:20:18]} c5 {[%clk 0:20:19]} 2. Nf3 {[%clk 0:20:27]} e6
{[%clk 0:20:28]} 3. d4 {[%clk 0:20:35]} cxd4 {[%clk 0:20:36]} 4. Nxd4
{[%clk 0:20:43]} a6 {[%clk 0:20:45]} 5. Nc3 {[%clk 0:20:43]} Qc7 {[%clk 0:20:53]}
6. Bd3 {[%clk 0:20:36]} Nf6 {[%clk 0:20:59]} 7. O-O {[%clk 0:20:30]} b5
{[%clk 0:20:55]} 8. Re1 {[%clk 0:20:16]} d6 {[%clk 0:20:59]} 9. f4
{[%clk 0:20:10]} Nbd7 {[%clk 0:21:03]} 10. Kh1 {[%clk 0:20:04]} Bb7
{[%clk 0:21:08]} 11. a3 {[%clk 0:18:05]} Be7 {[%clk 0:21:03]} 12. Qf3
{[%clk 0:14:27]} O-O {[%clk 0:20:07]} 13. Qg3 {[%clk 0:14:03]} Kh8
{[%clk 0:20:10]} 14. e5 {[%clk 0:12:24]} Nd5 {[%clk 0:17:20]} 15. Nxd5
{[%clk 0:10:19]} Bxd5 {[%clk 0:17:24]} 16. Qh3 {[%clk 0:09:51]} g6
{[%clk 0:17:02]} 17. f5 {[%clk 0:05:51]} exf5 {[%clk 0:16:56]} 18. Qh6
{[%clk 0:02:13]} Nxe5 {[%clk 0:15:47]} 19. Rxe5 {[%clk 0:00:53]} dxe5
{[%clk 0:15:51]} 20. Nxf5 {[%clk 0:01:01]} Bf6 {[%clk 0:15:52]} 21. Bg5
{[%clk 0:00:42]} Qc6 {[%clk 0:16:00]} 22. Kg1 {[%clk 0:00:14]} Rg8
{[%clk 0:15:51]} 23. Nh4 {[%clk 0:00:12]} e4 {[%clk 0:15:20]} 24. Bxf6+
{[%clk 0:00:00]} Qxf6 {[%clk 0:15:20]} 25. Be2 {[%clk 0:00:00]} 0-1

[Event "euyr2018"]
[Site "?"]
[Date "2018.05.25"]
[Round "2.8"]
[White "Haase, Pavel"]
[Black "Martyniuk, Vladislav"]
[Result "1/2-1/2"]
[BlackElo "1470"]
[WhiteElo "1998"]
[LiveChessVersion "1.4.8"]

1. Nf3 {[%clk 0:20:18]} e6 {[%clk 0:20:19]} 2. d4 {[%clk 0:20:27]} d5
{[%clk 0:20:29]} 3. Bf4 {[%clk 0:20:35]} c5 {[%clk 0:20:30]} 4. e3
{[%clk 0:20:43]} Qb6 {[%clk 0:20:29]} 5. Qc1 {[%clk 0:20:06]} Nc6
{[%clk 0:20:28]} 6. c3 {[%clk 0:20:14]} Nf6 {[%clk 0:20:04]} 7. Bd3
{[%clk 0:20:16]} Be7 {[%clk 0:19:08]} 8. h3 {[%clk 0:20:11]} Bd7 {[%clk 0:19:17]}
9. Nbd2 {[%clk 0:19:55]} Rc8 {[%clk 0:19:05]} 10. Qb1 {[%clk 0:19:06]} h6
{[%clk 0:18:33]} 11. O-O {[%clk 0:19:06]} cxd4 {[%clk 0:18:29]} 12. exd4
{[%clk 0:19:01]} O-O {[%clk 0:18:19]} 13. Ne5 {[%clk 0:18:44]} Nxe5
{[%clk 0:17:55]} 14. dxe5 {[%clk 0:18:21]} Nh5 {[%clk 0:17:07]} 15. Bh2
{[%clk 0:17:03]} Bg5 {[%clk 0:17:23]} 16. Nf3 {[%clk 0:13:23]} Bf4 17. Nd4
{[%clk 0:11:30]} Bxh2+ {[%clk 0:17:02]} 18. Kxh2 {[%clk 0:11:38]} Nf4 19. Bc2
{[%clk 0:09:25]} f5 {[%clk 0:15:30]} 20. exf6 {[%clk 0:06:14]} Rxf6
{[%clk 0:15:35]} 21. g3 {[%clk 0:06:08]} e5 {[%clk 0:14:38]} 22. Nf5
{[%clk 0:05:24]} Ne2 {[%clk 0:12:37]} 23. Kg2 {[%clk 0:03:17]} Bxf5
{[%clk 0:12:07]} 24. Bxf5 {[%clk 0:03:24]} Rcf8 {[%clk 0:12:15]} 25. Qc2
{[%clk 0:02:07]} e4 {[%clk 0:10:14]} 26. Qxe2 {[%clk 0:01:42]} Rxf5
{[%clk 0:10:22]} 27. Rad1 {[%clk 0:01:44]} Qc6 {[%clk 0:10:00]} 28. Rd4
{[%clk 0:01:31]} Rf3 {[%clk 0:09:28]} 29. Qd2 {[%clk 0:01:13]} e3
{[%clk 0:09:19]} 30. Qe1 {[%clk 0:00:42]} Qd6 {[%clk 0:08:22]} 31. Rf4
{[%clk 0:00:25]} R3xf4 {[%clk 0:06:54]} 32. gxf4 {[%clk 0:00:32]} Qg6+
{[%clk 0:06:43]} 33. Kh2 {[%clk 0:00:27]} Rxf4 {[%clk 0:05:47]} 34. Qxe3
{[%clk 0:00:22]} Re4 {[%clk 0:05:47]} 35. Qf3 {[%clk 0:00:16]} Qd6+
{[%clk 0:05:47]} 36. Kg2 {[%clk 0:00:20]} Qg6+ {[%clk 0:05:22]} 37. Kh2
{[%clk 0:00:29]} Qd6+ {[%clk 0:05:20]} 1/2-1/2

[Event "euyr2018"]
[Site "?"]
[Date "2018.05.25"]
[Round "2.9"]
[White "Ferkova, Dominika"]
[Black "Taragelova, Martina"]
[Result "1-0"]
[BlackElo "1615"]
[WhiteElo "1759"]
[LiveChessVersion "1.4.8"]

1. d4 {[%clk 0:20:18]} d5 {[%clk 0:20:18]} 2. c4 {[%clk 0:20:27]} c6
{[%clk 0:20:26]} 3. Nc3 {[%clk 0:20:36]} Nf6 {[%clk 0:20:34]} 4. Nf3
{[%clk 0:20:44]} e6 {[%clk 0:20:41]} 5. Bg5 {[%clk 0:20:51]} Nbd7
{[%clk 0:20:48]} 6. e3 {[%clk 0:20:53]} Qa5 {[%clk 0:20:45]} 7. Nd2
{[%clk 0:21:00]} dxc4 {[%clk 0:20:08]} 8. Bxf6 {[%clk 0:21:05]} Nxf6
{[%clk 0:20:14]} 9. Nxc4 {[%clk 0:20:58]} Qc7 {[%clk 0:20:20]} 10. Bd3
{[%clk 0:20:19]} Be7 {[%clk 0:19:45]} 11. O-O {[%clk 0:20:26]} O-O
{[%clk 0:19:51]} 12. h3 {[%clk 0:20:33]} Nd5 {[%clk 0:18:55]} 13. Rc1
{[%clk 0:19:55]} Nxc3 {[%clk 0:17:30]} 14. Rxc3 {[%clk 0:18:35]} Bb4
{[%clk 0:16:38]} 15. Rc1 {[%clk 0:18:40]} Bd6 {[%clk 0:16:38]} 16. Nxd6
{[%clk 0:17:45]} Qxd6 {[%clk 0:16:45]} 17. a3 {[%clk 0:17:35]} h6
{[%clk 0:15:45]} 18. Bb1 {[%clk 0:16:47]} e5 {[%clk 0:14:49]} 19. Qc2
{[%clk 0:15:59]} g6 {[%clk 0:14:21]} 20. Rfd1 {[%clk 0:16:04]} exd4
{[%clk 0:12:45]} 21. Rxd4 {[%clk 0:16:11]} Qe7 {[%clk 0:12:31]} 22. Qd2
{[%clk 0:10:28]} Be6 {[%clk 0:10:17]} 23. Rd1 {[%clk 0:10:07]} Qg5
{[%clk 0:08:56]} 24. h4 {[%clk 0:09:05]} Qf6 {[%clk 0:08:40]} 25. Rf4
{[%clk 0:05:26]} Qe5 {[%clk 0:06:22]} 26. Qb4 {[%clk 0:02:39]} Rad8
{[%clk 0:04:53]} 27. Rc1 {[%clk 0:01:51]} Qc7 {[%clk 0:03:26]} 28. h5
{[%clk 0:01:44]} Kg7 {[%clk 0:00:28]} 29. Qc3+ {[%clk 0:00:50]} Kh7
{[%clk 0:00:18]} 30. Qf6 {[%clk 0:00:35]} Rg8 {[%clk 0:00:14]} 31. hxg6+
{[%clk 0:00:39]} fxg6 {[%clk 0:00:13]} 32. Qxe6 {[%clk 0:00:48]} Rg7
{[%clk 0:00:12]} 33. Rf6 {[%clk 0:00:24]} Rdg8 {[%clk 0:00:13]} 34. Bxg6+
{[%clk 0:00:20]} Rxg6 {[%clk 0:00:12]} 35. Rf7+ {[%clk 0:00:29]} R8g7
{[%clk 0:00:11]} 36. Qxg6+ {[%clk 0:00:37]} Kxg6 {[%clk 0:00:18]} 37. Rxc7
{[%clk 0:00:44]} Rxc7 {[%clk 0:00:27]} 38. f3 {[%clk 0:00:48]} Rd7
{[%clk 0:00:30]} 39. Rc2 {[%clk 0:00:57]} Rd5 {[%clk 0:00:20]} 40. e4
{[%clk 0:01:02]} Re5 {[%clk 0:00:13]} 41. Kf2 {[%clk 0:01:10]} Kf6
{[%clk 0:00:00]} 42. Ke3 {[%clk 0:01:10]} 1-0

[Event "euyr2018"]
[Site "?"]
[Date "2018.05.25"]
[Round "2.10"]
[White "Stauder, Matej"]
[Black "Cabala, Nathan"]
[Result "0-1"]
[BlackElo "1892"]
[WhiteElo "1445"]
[LiveChessVersion "1.4.8"]

1. d4 {[%clk 0:20:18]} b6 {[%clk 0:20:14]} 2. e4 {[%clk 0:20:15]} Bb7
{[%clk 0:20:23]} 3. Bd3 {[%clk 0:20:10]} e6 {[%clk 0:20:29]} 4. Nf3
{[%clk 0:20:01]} Nf6 {[%clk 0:20:34]} 5. Nbd2 {[%clk 0:19:57]} c5
{[%clk 0:20:28]} 6. c3 {[%clk 0:19:34]} d5 {[%clk 0:18:27]} 7. e5
{[%clk 0:19:27]} Ne4 {[%clk 0:17:49]} 8. O-O {[%clk 0:19:01]} Be7
{[%clk 0:16:38]} 9. Re1 {[%clk 0:19:03]} Nxd2 {[%clk 0:15:57]} 10. Nxd2
{[%clk 0:18:54]} Nc6 {[%clk 0:15:30]} 11. Qg4 {[%clk 0:18:44]} g6
{[%clk 0:13:57]} 12. Nf3 {[%clk 0:18:23]} Qd7 {[%clk 0:10:08]} 13. Ng5
{[%clk 0:17:20]} h5 {[%clk 0:07:24]} 14. Qg3 {[%clk 0:16:41]} Bxg5
{[%clk 0:06:18]} 15. Bxg5 {[%clk 0:16:30]} c4 {[%clk 0:03:33]} 16. Bc2
{[%clk 0:16:17]} h4 {[%clk 0:00:50]} 17. Bxh4 {[%clk 0:15:49]} Ne7
{[%clk 0:00:57]} 18. Bf6 {[%clk 0:15:23]} Rh7 {[%clk 0:00:28]} 19. a4
{[%clk 0:13:52]} O-O-O {[%clk 0:00:25]} 20. a5 {[%clk 0:13:54]} b5
{[%clk 0:00:27]} 21. Reb1 {[%clk 0:12:01]} a6 {[%clk 0:00:29]} 22. b3
{[%clk 0:12:03]} Re8 {[%clk 0:00:16]} 23. Qe3 {[%clk 0:09:48]} Ng8
{[%clk 0:00:14]} 24. Bg5 {[%clk 0:09:04]} Rh5 {[%clk 0:00:13]} 25. g4 Rh7 26. Qc1
{[%clk 0:08:20]} Rf8 {[%clk 0:00:11]} 27. Qa3 {[%clk 0:08:20]} Re8
{[%clk 0:00:14]} 28. h4 {[%clk 0:06:35]} Nh6 {[%clk 0:00:17]} 29. f3
{[%clk 0:06:26]} Qc6 {[%clk 0:00:25]} 30. Qc1 {[%clk 0:05:59]} Ng8
{[%clk 0:00:32]} 31. h5 {[%clk 0:06:01]} Ne7 {[%clk 0:00:23]} 32. Qa3
{[%clk 0:04:33]} Qd7 {[%clk 0:00:17]} 33. Qc5+ {[%clk 0:04:15]} Bc6
{[%clk 0:00:19]} 34. bxc4 {[%clk 0:02:26]} dxc4 {[%clk 0:00:28]} 35. Be4
{[%clk 0:02:16]} Nd5 {[%clk 0:00:13]} 36. f4 {[%clk 0:01:20]} Rhh8
{[%clk 0:00:16]} 37. hxg6 {[%clk 0:01:08]} fxg6 {[%clk 0:00:23]} 38. Bxg6
{[%clk 0:01:17]} Reg8 {[%clk 0:00:18]} 39. Be4 {[%clk 0:01:25]} Kb7
{[%clk 0:00:18]} 40. Bxd5 {[%clk 0:00:31]} Qxd5 {[%clk 0:00:19]} 41. Qxd5
{[%clk 0:00:28]} Bxd5 {[%clk 0:00:27]} 42. Kf2 {[%clk 0:00:31]} Rh2+
{[%clk 0:00:36]} 43. Kg3 {[%clk 0:00:37]} Rgh8 {[%clk 0:00:40]} 44. Bh6
{[%clk 0:00:12]} R8xh6 {[%clk 0:00:49]} 45. g5 {[%clk 0:00:22]} R6h3+
{[%clk 0:00:55]} 46. Kg4 {[%clk 0:00:31]} Bf3# 0-1

[Event "euyr2018"]
[Site "?"]
[Date "2018.05.25"]
[Round "2.11"]
[White "Varga, Lukas"]
[Black "Taragel, Marian"]
[Result "0-1"]
[BlackElo "1369"]
[WhiteElo "1646"]
[LiveChessVersion "1.4.8"]

1. e4 {[%clk 0:20:19]} e5 {[%clk 0:20:16]} 2. Nf3 {[%clk 0:19:30]} Nc6
{[%clk 0:20:14]} 3. d4 {[%clk 0:19:32]} exd4 {[%clk 0:20:13]} 4. Nxd4
{[%clk 0:19:40]} Bc5 {[%clk 0:20:17]} 5. Nxc6 {[%clk 0:19:12]} dxc6
{[%clk 0:19:26]} 6. Qxd8+ {[%clk 0:19:00]} Kxd8 {[%clk 0:19:33]} 7. Bc4
{[%clk 0:17:27]} Be6 {[%clk 0:18:45]} 8. Bxe6 {[%clk 0:14:14]} fxe6
{[%clk 0:18:51]} 9. Ke2 {[%clk 0:13:49]} Ke8 {[%clk 0:17:47]} 10. Be3
{[%clk 0:13:32]} Bxe3 {[%clk 0:17:25]} 11. Kxe3 {[%clk 0:13:40]} Nf6
{[%clk 0:16:32]} 12. f3 {[%clk 0:12:41]} Rd8 {[%clk 0:16:09]} 13. Nd2
{[%clk 0:12:30]} Ke7 {[%clk 0:15:48]} 14. Rad1 {[%clk 0:10:54]} Rd7
{[%clk 0:15:22]} 15. Nc4 {[%clk 0:10:54]} Rhd8 {[%clk 0:15:01]} 16. Rxd7+
{[%clk 0:11:01]} Rxd7 {[%clk 0:15:05]} 17. Na5 {[%clk 0:11:02]} Rd8
{[%clk 0:14:29]} 18. b3 {[%clk 0:09:25]} Rb8 {[%clk 0:13:35]} 19. g4
{[%clk 0:09:04]} Nd7 {[%clk 0:12:53]} 20. h4 {[%clk 0:08:28]} Ne5
{[%clk 0:12:33]} 21. Kf4 {[%clk 0:06:30]} Ng6+ {[%clk 0:12:28]} 22. Kg3
{[%clk 0:06:38]} Ne5 {[%clk 0:12:30]} 23. f4 {[%clk 0:04:41]} b6 {[%clk 0:12:13]}
24. fxe5 {[%clk 0:03:11]} bxa5 {[%clk 0:12:18]} 25. Rd1 {[%clk 0:02:25]} Rb5
{[%clk 0:11:35]} 26. Kf4 {[%clk 0:02:17]} Rc5 {[%clk 0:11:21]} 27. c4
{[%clk 0:01:23]} a4 {[%clk 0:10:53]} 28. Ra1 {[%clk 0:01:14]} Ra5
{[%clk 0:10:21]} 29. b4 {[%clk 0:01:01]} Ra6 {[%clk 0:10:28]} 30. a3
{[%clk 0:01:00]} Rb6 {[%clk 0:10:16]} 31. Ke3 {[%clk 0:00:21]} Kd7
{[%clk 0:09:05]} 32. Rf1 0-1

[Event "euyr2018"]
[Site "?"]
[Date "2018.05.25"]
[Round "2.12"]
[White "Antal, Jakub"]
[Black "Roman, Filip"]
[Result "1-0"]
[BlackElo "1319"]
[WhiteElo "1568"]
[LiveChessVersion "1.4.8"]

1. e4 {[%clk 0:20:11]} e5 {[%clk 0:20:19]} 2. Bc4 {[%clk 0:20:13]} Nf6
{[%clk 0:20:22]} 3. d3 {[%clk 0:20:21]} Nc6 {[%clk 0:20:11]} 4. Nf3
{[%clk 0:20:23]} Bc5 {[%clk 0:20:15]} 5. O-O {[%clk 0:20:00]} d5 {[%clk 0:19:41]}
6. exd5 {[%clk 0:19:37]} Nxd5 {[%clk 0:19:48]} 7. Re1 {[%clk 0:18:51]} Bg4
{[%clk 0:19:35]} 8. h3 {[%clk 0:11:52]} Bxf3 {[%clk 0:18:20]} 9. Qxf3
{[%clk 0:11:59]} Nf6 {[%clk 0:17:17]} 10. c3 {[%clk 0:11:12]} O-O
{[%clk 0:15:38]} 11. b4 {[%clk 0:10:56]} Bd6 {[%clk 0:15:04]} 12. Bg5
{[%clk 0:09:55]} Re8 {[%clk 0:14:09]} 13. Nd2 {[%clk 0:09:35]} h6
{[%clk 0:13:22]} 14. Bh4 {[%clk 0:08:21]} g5 {[%clk 0:10:44]} 15. Bg3
{[%clk 0:07:18]} Re7 {[%clk 0:09:13]} 16. Qxf6 {[%clk 0:06:42]} Kh7
{[%clk 0:06:54]} 17. Ne4 {[%clk 0:04:08]} Rd7 {[%clk 0:03:53]} 18. Qxd8
{[%clk 0:03:14]} Raxd8 {[%clk 0:03:56]} 19. Nf6+ {[%clk 0:03:18]} Kg7
{[%clk 0:03:37]} 20. Nxd7 {[%clk 0:03:14]} Rxd7 {[%clk 0:03:40]} 21. b5
{[%clk 0:02:43]} Na5 {[%clk 0:03:24]} 22. Bxe5+ {[%clk 0:02:44]} Bxe5
{[%clk 0:03:26]} 23. Rxe5 {[%clk 0:02:52]} f6 {[%clk 0:02:43]} 24. Re6
{[%clk 0:02:46]} b6 {[%clk 0:02:31]} 25. Rae1 {[%clk 0:02:44]} Kg6
{[%clk 0:02:21]} 26. Re7 {[%clk 0:02:44]} Rd6 {[%clk 0:02:09]} 27. Rxc7
{[%clk 0:02:38]} 1-0